000 00252nam a2200097Ia 4500
005 20250424112928.0
008 250424s9999 xx 000 0 und d
300 _a173 p. ; 21-24 cm.
650 _aNigeria--Economic conditions--Periodicals.
942 _cSR
999 _c37934
_d37934